FRA-RU-Duques de Aquitania - Estadísticas

Estadísticas generales
  • Esta prueba ha sido intentada 9 veces
  • La puntuación promedio es 27 de 39
Estadísticas de respuestas
Período Nombre % Correcto
1362-1372 Eduardo de Galés
100%
1272-1307 Eduardo I de Inglaterra
100%
1307-1325 Eduardo II de Inglaterra
100%
1325-1362 Eduardo III de Inglaterra
100%
1372-1377 Eduardo III de Inglaterra
100%
893-918 Guillermo I
100%
918-926 Guillermo II
100%
962-963 Guillermo III
100%
963-995 Guillermo IV
100%
1086-1127 Guillermo IX
100%
995-1030 Guillermo V
100%
1030-1038 Guillermo VI
100%
1039-1058 Guillermo VII
100%
1058-1086 Guillermo VIII
100%
1127-1137 Guillermo X
100%
1390-1399 Juan de Gante
100%
1199-1216 Juan I de Inglaterra
100%
1169-1196 Ricardo I de Inglaterrra
100%
1198-1199 Ricardo I de Inglaterrra
100%
1377-1390 Ricardo II de Inglaterra
100%
1152-1169 Enrique II de Inglaterra
75%
1216-1272 Enrique III de Inglaterra
75%
1399-1400 Enrique IV de Inglaterra
75%
1400-1422 Enrique V de Inglaterra
75%
1422-1453 Enrique VI de Inglaterra
75%
955-962 Hugo
75%
1137-1152 Luis VII de Francia
75%
1469-1472 Carlos de Valois
50%
1137-1204 Leonor
25%
932-936 Raimundo I
25%
936-955 Raimundo II
25%
926-927 Acfredo
0%
890-893 Ebálus
0%
927-932 Ebálus
0%
1038-1039 Eudes
0%
1753-1754 Javier de Francia
0%
1196-1198 Otón de Brunswick
0%
852-866 Ranulfo I
0%
887-890 Ranulfo II
0%
No se encontraron pruebas coincidentes
Distribución de puntuación
Porcentaje de gente con cada puntuación
Porcentaje por número respondido
Historial de tus puntuaciones
No has intentado esta prueba.